Ville à pays n°33 - Statistiques

Statistiques générales
  • Ce quiz a été pris 170 fois
  • Le résultat moyen est 10 sur 15
Statistiques - réponses
Ville Pays % Correct
Venise Italie
100%
Chamonix France
99%
Cologne Allemagne
98%
Beyrouth Liban
95%
Chengdu Chine
93%
Cincinnati États-Unis
90%
Auckland Nouvelle-zelande
89%
Conakry Guinee
73%
Cusco Perou
73%
Limerick Irlande
63%
Corvo Portugal
35%
Chittagong Bangladesh
27%
Akureyri Islande
24%
Cabinda Angola
23%
Port Harcourt Nigeria
17%
Aucun quiz correspondant
Distribution des résultats
% des personnes avec chaque résultat
Percentile par nombre de réponses
Votre historique - résultats
Vous n’avez pas pris ce quiz